| 000 | 01057nam0a22002651 4500 | ||
|---|---|---|---|
| 001 | rc\274828 | ||
| 005 | 20030307120147.8 | ||
| 035 | _a(NLR Aleph) 005492145 | ||
| 090 |
_a5218610 _c5218610 |
||
| 100 | _a20030307d1990 u |0rusy50 ca | ||
| 101 | 0 | _arus | |
| 102 | _aRU | ||
| 105 | _aa ||||||||| | ||
| 200 | 1 |
_aСОВРЕМЕННОЕ состояние справочных данных о физических константах _f[Подгот. В.П. Ярына и др.] |
|
| 210 |
_aМ. _cВНИИКИ _d1990 |
||
| 215 |
_a52 с. _cил. _d22 |
||
| 225 | 1 |
_aИнформационное обеспечение общесоюзных научно-технических программ _eОбзор. информ. _fВНИИКИ _vВып. 4 |
|
| 300 | _aВ надзаг. также: Госстандарт СССР | ||
| 320 | _aБиблиогр.: с. 50-51 | ||
| 702 | 1 |
_aЯрына _bВ. П. _gВладимир Петрович _4570 |
|
| 801 | 0 |
_aRU _bNLR _gpsbo |
|
| 801 | 1 |
_aRU _bELAR _2rusmarc |
|
| 852 |
_aNLR _jП10/5940 |
||
| 942 | _cBOOK | ||
| 980 | _aNB | ||